№ 36; Вопросы информационной теории и практики

Bibliographic Details
Parent link:Вопросы информационной теории и практики: сборник научных статей/ Академия наук СССР (АН СССР), Всесоюзный институт научной и технической информации (ВИНИТИ). № 36.— , 1968-1986
Language:Russian
Published: 1978
Subjects:
Format: Book
KOHA link:https://koha.lib.tpu.ru/cgi-bin/koha/opac-detail.pl?biblionumber=333047

MARC

LEADER 00000nam2a2200000 4500
001 333047
005 20231101030437.0
020 |a RU  |b 85-73648ж 
035 |a (RuTPU)RU\TPU\book\359042 
035 |a RU\TPU\book\344249 
090 |a 333047 
100 |a 20170606d1978 k y0rusy5003 ca 
101 0 |a rus 
102 |a RU 
105 |a y z 001zy 
200 0 |a № 36 
210 |d 1978 
215 |a 117 с. 
320 |a Библиография в конце статей 
461 1 |0 (RuTPU)RU\TPU\book\282578  |t Вопросы информационной теории и практики  |o сборник научных статей  |f Академия наук СССР (АН СССР), Всесоюзный институт научной и технической информации (ВИНИТИ)  |v № 36  |d 1968-1986 
606 1 |a Информатика  |2 stltpush  |3 (RuTPU)RU\TPU\subj\12879 
610 1 |a научно-техническая информация 
610 1 |a центры 
610 1 |a библиотечные фонды 
610 1 |a языки 
610 1 |a тезаурус 
610 1 |a тексты 
610 1 |a алгоритмы 
610 1 |a классификация 
686 |a Ч23  |v LBC/SL-A  |2 rubbk 
801 0 |a RU  |b 63413507  |c 19950704  |g psbo 
801 1 |a RU  |b 63413507  |c 20141112 
801 2 |a RU  |b 63413507  |c 20170607  |g RCR 
942 |c BK